| 000 | 00792cam a22002654a 4500 | ||
|---|---|---|---|
| 003 | UPN | ||
| 005 | 20220920214910.0 | ||
| 008 | 090210s2004 es r 000 f spa d | ||
| 020 | _a8495764261 | ||
| 035 | _aUPN01000169062 | ||
| 040 |
_aUPN _bspa _cUPN |
||
| 049 | _aCG | ||
| 050 | 4 |
_aPQ4815 E56 _bA88 |
|
| 100 |
_aFenoglio, Beppe, _d1922-1963 _943590 |
||
| 245 | 1 | 3 |
_aUn asunto privado / _cBeppe Fenoglio ; traducción Elena del Amo. |
| 260 |
_aBarcelona, España : _bBarataria, _cc2004. |
||
| 300 | _a183 páginas | ||
| 490 | 0 | _aBárbaros | |
| 534 |
_pTítulo original: _tUna questione privata |
||
| 650 | 4 |
_aNovela italiana _95076 |
|
| 650 | 4 |
_aRelaciones de pareja _vNovela _922462 |
|
| 700 | 1 |
_aAmo, Elena del, _d1948- _etraductora _945878 |
|
| 905 | _aLibro | ||
| 942 |
_2lcc _cLIBRO |
||
| 999 |
_c141168 _d141168 |
||